ბათუმის შოთა რუსთაველის სახელმწიფო უნივერსიტეტის ბიბლიოთეკა

რეგიონული მედიცინის განვითარება საქართველოში : (ბიბ.ჩანაწერი № 61904)

000 -ლიდერი
ფიქსირებული სიგრძის საკონტროლო ველი 01307nam a22002297a 4500
003 - საკონტროლო ნომრის იდენტიფიკატორი
საკონტროლო ველი Ge_BSU
005 - ბოლო ოპერაციის თარიღი და დრო
საკონტროლო ველი 20240606151038.0
008 - ფიქსირებული სიგრძის მონაცემთა ელემენტები - ზოგადი ინფორმაცია
ფიქსირებული სიგრძის საკონტროლო ველი 240606s2001 ge ||||| |||| 00| 0 geo d
020 ## - წიგნის საერთაშორისო სტანდარტული ნომერი
International Standard Book Number 9992885106
041 ## - ენის კოდი
Language code of text/sound track or separate title geo
080 ## - უნივერსალური ათობითი კლასიფიკაციის ინდექსი
Universal Decimal Classification number 61(479.223)(09)6+614.2(479.223)(09) ს-96
100 ## - მთავარი ჩანაწერი - პიროვნების სახელი
Personal name სურმანიძე, რამაზ.
9 (RLIN) 22340
245 ## - ცნობა სათაურის შესახებ
Title რეგიონული მედიცინის განვითარება საქართველოში :
Remainder of title (აჭარის მაგალითზე...). წ. 1, [... უძველესი დროიდან 1945 წლამდე] /
Statement of responsibility, etc რამაზ სურმანიძე; [რედ.: აკაკი ბერიძე].
264 ## - წარმოების, გამოცემის, დისტრიბუციის და სხვა ცნობები
გამოცემის, წარმოების, დისტრიბუციის... ადგილი ბათუმი :
გამოცემის, წარმოების, დისტრიბუციის... სახელწოდება აჭარა,
გამოცემის, წარმოების, დისტრიბუციის... თარიღი 2001.
300 ## - ფიზიკური აღწერა
Extent 426 გვ. :
Other physical details ილ. ;
Dimensions 21 სმ.
653 ## - INDEX TERM--UNCONTROLLED
Uncontrolled term ქართული მედიცინის ისტორია
653 ## - INDEX TERM--UNCONTROLLED
Uncontrolled term ჯანმრთელობის დაცვა საქართველოში
653 ## - INDEX TERM--UNCONTROLLED
Uncontrolled term ჯანმრთელობის დაცვა აჯარაში
653 ## - INDEX TERM--UNCONTROLLED
Uncontrolled term მედიცინა აჭარაში.
700 ## - ADDED ENTRY--PERSONAL NAME
Personal name ბერიძე, აკაკი
Relator term რედაქტორი.
9 (RLIN) 17176
942 ## - ADDED ENTRY ELEMENTS (KOHA)
Source of classification or shelving scheme
Koha item type წიგნი
ეგზემპლარები
ჩამოწერის სტატუსი დაკარგული ეგზემპლარის სტატუსი კლასიფიკაციის წყარო ან თაროზე გაწყობის სქემა დაზიანების სტატუსი არ გაიცემა მუდმივი მდებარეობა (დაცვის ადგილი) ამჟამინდელი ადგილსამყოფელი თაროზე განთავსების ადგილი შეძენის თარიღი ღირებულება, შესყიდვის ნორმალური ფასი სრული შენახვის შიფრი შტრიხკოდი ბოლო ოპერაციის თარიღი ეგზემპლარის მიმდევრობითი ნომერი (კეტერი?) ფასის ძალაში შესვლის თარიღი ეგზემპლარის სახეობა საჯარო შენიშვნა
          ბათუმის შოთა რუსთაველის სახელმწიფო უნივერსიტეტის მთავარი ბიბლიოთეკა ბათუმის შოთა რუსთაველის სახელმწიფო უნივერსიტეტის მთავარი ბიბლიოთეკა წიგნსაცავი 2024-06-06 8.00 61(479.223)(09)+614.2(479.223)(09) ს-96 68054 2024-06-06 68054 2024-06-06 წიგნი 8 ლ.
          ბათუმის შოთა რუსთაველის სახელმწიფო უნივერსიტეტის მთავარი ბიბლიოთეკა ბათუმის შოთა რუსთაველის სახელმწიფო უნივერსიტეტის მთავარი ბიბლიოთეკა წიგნსაცავი 2024-10-28 8.00 61(479.223)(09)6+614.2(479.223)(09) ს-96 69521 2024-10-28 69521 2024-10-28 წიგნი 8.00